MLB Year in Review 2006 - Statistics

General Stats
  • This quiz has been taken 4 times
  • The average score is 14 of 25
Answer Stats
Category Answer % Correct
WAR Leader (8.5 STL) Albert Pujols
100%
Batting Champion (.347 MIN) Joe Mauer
75%
NLCS Loser New York Mets
75%
Best Record (97 - 65) New York Mets | New York Yankees
75%
ALCS Loser Oakland Athletics
75%
NL MVP (PHI) Ryan Howard
75%
Home Run Leader (58 PHI) Ryan Howard
75%
RBI Leader (149 RBI) Ryan Howard
75%
World Series Winner St. Louis Cardinals
75%
World Series Loser Detroit Tigers
50%
Saves Leader (47 LAA) Francisco Rodriguez
50%
Hits Leader (224 SEA) Ichiro Suzuki
50%
AL Cy Young (MIN) Johan Santana
50%
ERA Leader (2.77 MIN) Johan Santana
50%
Strike Outs Leader (245 MIN) Johan Santana
50%
Wins Leader (19 MIN, NYY) Johan Santana | Chien-Ming Wang
50%
Triples Leader (17 NYM) Jose Reyes
50%
Stolen Base Leader (64 NYM) Jose Reyes
50%
AL MVP (MIN) Justin Morneau
50%
Name 1 HOF Inductee (RB, WB, AC, PH, BM, JM, LS, BS, MS, BT, CT, JW) Ray Brown | Willard Brown | Andy Cooper | Pete Hill | Biz Mackey | José Méndez | Louis Santop | Bruce Sutter | Mule Suttles | Ben Taylor | Cristóbal Torriente | Jud Wilson
50%
Worst Record (61 - 101) Tampa Bay Devil Rays
50%
NL Cy Young (ARI) Brandon Webb
25%
NL Rookie of the Year (FLA) Hanley Ramirez
25%
AL Rookie of the Year (DET) Justin Verlander
25%
Doubles Leader (53 PIT, CLE) Freddy Sanchez | Grady Sizemore
0%
No matching quizzes found
Score Distribution
Percent of People with Each Score
Percentile by Number Answered
Your Score History
You have not taken this quiz